| 000 | 01331nam a22004097a 4500 | ||
|---|---|---|---|
| 001 | 0026658 | ||
| 003 | KOHA_MİRAKIL | ||
| 005 | 20260207002534.0 | ||
| 007 | ta | ||
| 008 | 101112b2007 tu |||gr||||#||||0|tur | | ||
| 020 |
_a9786053950288 _c5 |
||
| 040 |
_aTR-BiSEU _btur _cTR-BiSEU _erda |
||
| 041 | 0 | _atur | |
| 044 | _ctu | ||
| 050 |
_aHF5548.32 _b.A33 2007 |
||
| 100 | 1 | _aAkar, Erkan. | |
| 245 | 1 |
_aElektronik ticaret ve elektronik iş : _buygulamalar, modeller, stratejiler/ _cErkan Akar ; Erkan Akar, Cantürk Kayahan. |
|
| 264 | 1 |
_aAnkara : _bNobel Yayın Dağıtım _c2007 |
|
| 300 | _axii, 134 s.; 24 cm. | ||
| 336 |
_ametin _btxt _2rdacontent |
||
| 337 |
_aaracısız _bn _2rdamedia |
||
| 338 |
_acilt _bnc _2rdacarrier |
||
| 490 | 1 |
_aNobel ; _vyayın no. |
|
| 490 | 1 | _a1233. | |
| 490 | 1 |
_aİktisadi ve idari bilimler ; _v203. |
|
| 500 | _aKaynakça var. | ||
| 650 | 0 |
_aElektronik ticaret. _92970 |
|
| 650 | 0 |
_aElectronic commerce. _93152 |
|
| 650 | 0 |
_aİnternet pazarlama. _945968 |
|
| 650 | 0 |
_aInternet marketing. _95954 |
|
| 650 | 0 |
_aİşletme iletişimi--Bilgisayar ağları. _952864 |
|
| 650 | 0 |
_aBusiness communication--Computer networks. _952865 |
|
| 830 | 1 |
_aNobel ; _vyayın no. _91846 |
|
| 830 | 1 |
_a1233. _952866 |
|
| 830 | 1 |
_aİktisadi ve idari bilimler ; _v203. _923199 |
|
| 942 |
_2lcc _cBK |
||
| 999 |
_c26596 _d26596 |
||